LDR 00920naa#a2200217#i#450# 001 EN\\bibl\119410 005 20260413051018.1 011 ## _a2311-8873 100 ## _a20260410b2026####ek#y0engy0150####ca 102 ## _aRU 200 1# _aPROBLEM-ORIENTED OPTIMIZATION OF MACHINING TECHNOLOGY FOE POWER PLANT COMPONENTS FROM GRANIT BLANKS _eJournal article 210 1# _aVoronezh _cFSBE Institution of Higher Education Voronezh State University of Forestry and Technologies named after G.F. Morozov _d2026 215 ## _a9 с. 608 ## _aJournal article _2local 675 ## _aТеория машиностроения (машиноведение). Ядерная техника. 621.0 _z 700 #1 _aTaskinbaev _gAndrey Arturovich 700 #1 _aSuhochev _gGennadiy Alekseevich 700 #1 _aKodentsev _gSergei Nikolaevich 700 #1 _aPodgornov _gSergey Nikolaevich 700 #1 _aSmol'yannikova _gEvgeniya Gennad'evna 856 4# _avntv.editorum.ru _u